Applying AutoCAD 2002

Targeted for new users of the AutoCAD computer-aided drafting and design software in a logical, sequential format.

Gorde:
Xehetasun bibliografikoak
Egile nagusia: Wohlers, Terry T.
Formatua: Liburua
Hizkuntza:Undetermined
Argitaratua: Boston Glencoe McGraw Hill 2003
Gaiak:
Etiketak: Etiketa erantsi
Etiketarik gabe, Izan zaitez lehena erregistro honi etiketa jartzen!
Thư viện lưu trữ: Trung tâm Học liệu Trường Đại học Cần Thơ
LEADER 00665nam a2200193Ia 4500
001 CTU_108730
008 210402s9999 xx 000 0 und d
082 |a 620.00420285 
082 |b W846 
100 |a Wohlers, Terry T. 
245 0 |a Applying AutoCAD 2002 
245 0 |c Terry T. Wohlers 
260 |a Boston 
260 |b Glencoe McGraw Hill 
260 |c 2003 
520 |a Targeted for new users of the AutoCAD computer-aided drafting and design software in a logical, sequential format. 
650 |a Autocad ( computer program language ),Autocad ( computer-aided design ) 
904 |i Tuyến 
980 |a Trung tâm Học liệu Trường Đại học Cần Thơ